000 00690nam a22002297a 4500
003 UA-OsUOA
001 47385
007 ta
008 20070719b un ||||| |||| 00| 0 ukr d
090 _a811.111(038)
_bА64
942 _cBK
040 _aUA-OsUOA
_bukr
_cUA-OsUOA
_dUA-OsUOA
245 _aАнгло-український словник українсько-англійський
300 _a696 с.
955 _a2
041 _aukr
080 _a811.111(038)
020 _a966-580-007-8
260 _aК.
_bАккадемія
_c1997
650 7 _a8 Мовознавство. Художня література. Літературознавство
_2UDC
999 _c333483
_d333483